[Event "NII"]
[Site "?"]
[Date "2003.??.??"]
[Round "?"]
[White "Alaux, Sophie"]
[Black "Hileyan, Michel"]
[Result "0-1"]
[WhiteElo "1730"]
[BlackElo "2048"]
[EventDate "2003.??.??"]
[PlyCount "120"]

1.e4 d6 2.d4 Nf6 3.Nc3 Nbd7 4.Nf3 e5 5.Bg5 Be7 6.Qd2 c6 7.O-O-O O-O 8.h3 
b5 9.Bd3 b4 10.Ne2 a5 11.c3 Ba6 12.dxe5 dxe5 13.Bxf6 Nxf6 14.Bxa6 Rxa6 15.
Qxd8 Bxd8 16.Nd2 Bb6 17.f3 Be3 18.Kc2 bxc3 19.Nxc3 Bd4 20.Nc4 Rb8 21.Rd2 
Ra7 22.Rhd1 Kf8 23.Ne2 c5 24.Nxd4 cxd4 25.Nxe5 Rab7 26.Kc1 Rb5 27.Nd3 Nd7 
28.Rc2 a4 29.Nf4 a3 30.b3 g5 31.Nd5 Nc5 32.Rxd4 Rxb3 33.axb3 Nxb3+ 34.Kd1 
Nxd4 35.Ra2 Rb1+ 36.Kd2 Rb2+ 37.Rxb2 axb2 38.Nc3 Ke7 39.Nb1 Ke6 40.Kc3 Ke5
41.Kxb2 Kf4 42.Nd2 Kg3 43.Kc3 Ne2+ 44.Kd3 Nf4+ 45.Kd4 Kxg2 46.Ke5 Nxh3 47.
Kf6 h5 48.e5 h4 49.Kxf7 Nf4 50.Kf6 h3 51.Kxg5 Ne6+ 52.Kf6 Nd4 53.Nb3 Nb5 
54.e6 h2 55.e7 Nc7 56.f4 h1=Q 57.f5 Qh8+ 58.Kf7 Qe8+ 59.Kg7 Qxe7+ 60.Kg6 
Nd5 0-1

[Event "Tarbes"]
[Site "?"]
[Date "2003.??.??"]
[Round "2"]
[White "Moulie, Patrick"]
[Black "Razafison, Ulrich"]
[Result "1-0"]
[WhiteElo "1780"]
[BlackElo "1920"]
[PlyCount "59"]

1.c4 e5 2.Nc3 Nf6 3.g3 Be7 4.Bg2 O-O 5.d3 c6 6.Nf3 Bb4 7.Nxe5 Bxc3+ 8.bxc3
Qa5 9.Nf3 Qxc3+ 10.Bd2 Qa3 11.O-O d5 12.Qb3 Qxb3 13.axb3 Re8 14.Rfe1 Bf5 
15.Bc3 Nbd7 16.Nd4 Be6 17.f4 Bg4 18.h3 Re3 19.hxg4 Rxg3 20.g5 Nh5 21.Nf5 
Rg4 22.e3 Nc5 23.Red1 Ng3 24.Nxg3 Rxg3 25.Kf2 Rg4 26.b4 Ne6 27.cxd5 cxd5 
28.Bxd5 Rc8 29.Rac1 b6 30.Rh1 1-0

[Event "Tarbes"]
[Site "?"]
[Date "2003.??.??"]
[Round "2"]
[White "Martinet, Regis"]
[Black "Barsov, Alexei"]
[Result "0-1"]
[WhiteElo "2080"]
[BlackElo "2531"]
[PlyCount "72"]

1.d4 e6 2.e4 d5 3.Nc3 Bb4 4.e5 c5 5.a3 Ba5 6.Be3 Nc6 7.Bb5 cxd4 8.Bxd4 Ne7
9.Ne2 O-O 10.O-O Nxd4 11.Nxd4 f6 12.exf6 Rxf6 13.f4 a6 14.Ba4 Bxc3 15.bxc3
Bd7 16.Bb3 Qc7 17.Qd2 Raf8 18.Rae1 Kh8 19.g3 Nc8 20.Qd3 Nd6 21.Rf3 Qa5 22.
Rfe3 Ne4 23.c4 Nc5 24.Qe2 Qb6 25.Nf3 Bc6 26.cxd5 exd5 27.Ne5 d4 28.Rd3 
Nxd3 29.Nxd3 Bb5 30.Bd5 Qd6 31.Qe4 Bxd3 32.cxd3 b5 33.Qxd4 Qxa3 34.Be4 Qd6
35.Qa7 Qb6+ 36.Qxb6 Rxb6 0-1

[Event "Tarbes"]
[Site "?"]
[Date "2003.??.??"]
[Round "2"]
[White "Axisa, Gerard"]
[Black "Scozzesi, Francois"]
[Result "0-1"]
[WhiteElo "2030"]
[BlackElo "1820"]
[PlyCount "81"]

1.e4 e6 2.d4 d5 3.Nd2 Nf6 4.e5 Nfd7 5.Ngf3 c5 6.c3 cxd4 7.cxd4 Nc6 8.Bb5 
Qb6 9.Bxc6 bxc6 10.O-O Ba6 11.Re1 Be7 12.Nf1 Rc8 13.Ng3 g6 14.a3 c5 15.Be3
c4 16.Qd2 Nb8 17.h4 h5 18.Bg5 Bxg5 19.Nxg5 Nc6 20.Qf4 Rc7 21.Qf6 Rg8 22.
Ne2 Bc8 23.Qf4 Qxb2 24.Nh7 Kd8 25.Qf6+ Re7 26.Ng5 Ke8 27.Qf4 Qc2 28.Nh7 
Kd8 29.Nf6 {=} 29...Rh8 30.Qe3 Qd3 31.Qf4 Qf5 32.Qd2 Qd3 33.Qf4 Na5 34.Nc1
Qc3 35.Ne2 Qd3 36.Nc1 Qf5 37.Qd2 Nc6 38.Re3 g5 39.Rf3 Qg6 40.Rg3 g4 41.Qd1
0-1

[Event "Tarbes"]
[Site "?"]
[Date "2003.??.??"]
[Round "1"]
[White "Marciano, David"]
[Black "Brunel, Julien"]
[Result "1-0"]
[WhiteElo "2502"]
[BlackElo "1910"]
[PlyCount "43"]

1.e4 e5 2.Nf3 Nc6 3.Nc3 d6 4.d4 exd4 5.Nxd4 Nxd4 6.Qxd4 Nf6 7.Bg5 Be7 8.
O-O-O O-O 9.f4 h6 10.Bh4 Bg4 11.Rd2 Nh5 12.Bxe7 Qxe7 13.Nd5 Qh4 14.g3 Qd8 
15.f5 Bf3 16.Rg1 c6 17.Nc3 d5 18.e5 Qg5 19.g4 c5 20.Qf2 Bxg4 21.h3 Qxf5 
22.hxg4 1-0

[Event "Juniors 2003"]
[Site "?"]
[Date "2003.??.??"]
[Round "1"]
[White "Milliet, Sophie"]
[Black "Bouhana Marie"]
[Result "1-0"]
[WhiteElo "2240"]
[BlackElo "1960"]
[EventDate "2003.05.06"]
[PlyCount "59"]
[SourceDate "2003.05.06"]

{Une "petite" ronde d'echauffement pour Marie qui se retrouve opposee 
d'emblee a l'une des plus prometteuses jeunes joueuses Francaise du 
moment.} 
1.e4 e6 $5 {Tiens , si on debattait dans le cadre de la Francaise?} 2.d4 
d5 3.e5 c5 4.c3 Bd7 {Un coup neutre qui peut revenir dans les variantes 
"normales" apres Cc6 et Db6 ou viser l'echange des fous de cases 
blanches(le "mauvais "fou des Noirs contre le terrible fou d'attaque des 
Blancs) comme dans la partie.} 5.Nf3 Qb6 {Se reservant toujours les 2 
options...} 6.a3 cxd4 
    ( 6...Bb5 {est possible egalement mais offre aux Blancs la possibilite
    de jouer} 7.c4 $5 dxc4 8.Nc3 cxd4 9.Nxb5 Qxb5 10.Qxd4 Nc6 11.Qf4 Qa5+ 
    12.Bd2 Bb4 13.Bxc4 Bxd2+ 14.Qxd2 Qc5 15.Qc3 Nge7 16.b4 Qb6 17.O-O O-O 
    {Svidler-Gelfand Moscou 2001. 1-0 en 49 coups.} )
7.cxd4 {L'inconvenient de l'echange c5xd4 est, comme toujours dans la 
variante d'avance de la Francaise, la liberation de la case c3 pour le 
cavalier blanc.Dans les lignes principales , les Noirs ne jouent ce coup 
que lorsqu'ils menacent reellement le pion d4.} 7...Bb5 8.Bxb5+ Qxb5 9.b4 
$6 {Un coup bizarre,confrontes a une situation probablement nouvelle pour 
eux , les Blancs ne jouent pas le naturel(et bon)} 
    ( 9.Nc3 Qa6 10.Ne2 $5 Nc6 11.O-O {ou , en echange de la bonne tenue 
    "statique" de la position noire (bon fou, structure de pions 
    solide...), les Blancs ont l' avantage dynamique (avance de 
    developpement ) et spatial (ils controlent plus de cases sur 
    l'echiquier et notamment dans le camp noir ou la case e7 est une voie 
    de passage un peu embouteillee...).} )
9...Ne7 
    ( 9...a5 $1 {posait une question au fantassin expose et apres} 10.bxa5
    Qxa5+ {les Noirs egalisent facilement en recuperant de l'espace a 
    l'aile dame.} )
10.Nc3 Qc4 11.Bb2 Nd7 12.Rc1 {Maintenant, tout va se jouer autour de 
l'embouteillage des pieces noires et des menaces sur la seule colonne 
ouverte.} 12...Nc6 13.Ne2 Qb5 14.O-O Be7 15.Nc3 Qc4 16.Qd2 O-O 17.Qe3 Nb6 
    ( 17...Qb3 $5 )
18.b5 Na5 19.Nd2 Qc8 20.Nxd5 Qd8 21.Nxe7+ Qxe7 22.Qc3 Nd5 $2 23.Qxa5 Qg5 
24.Nf3 Qg6 25.Qd2 f6 26.exf6 gxf6 27.Rfe1 Rae8 28.Qc2 Qh5 29.Re4 Rf7 30.
Rh4 1-0

[Event "Tarbes"]
[Site "?"]
[Date "2003.??.??"]
[Round "3"]
[White "Daloz, Jean michel"]
[Black "Aout, Sebastien"]
[Result "0-1"]
[WhiteElo "2183"]
[BlackElo "2096"]
[PlyCount "72"]

1.d4 d5 2.Nf3 e6 3.c4 dxc4 4.e3 a6 5.a4 c5 6.Bxc4 Nf6 7.O-O Nc6 8.Qe2 Qb6 
9.Rd1 Be7 10.Nc3 O-O 11.d5 exd5 12.Nxd5 Nxd5 13.Bxd5 Bf6 14.Qc4 Nb4 15.e4 
Nxd5 16.exd5 Bf5 17.Ra3 Qb4 18.Nd2 Rfe8 19.Kf1 Re4 20.Qa2 {=} 20...Rd4 21.
Rb3 Qa5 22.Rxb7 Bc2 23.Re1 Rxd2 24.d6 Bd3+ 25.Kg1 Re2 26.Rxe2 Bxe2 27.b4 
cxb4 28.Qxe2 Qxa4 29.g4 Qc6 30.Rc7 Qxd6 31.Qc4 Qf8 32.g5 Bc3 33.Be3 Qe8 
34.h4 Qe6 35.Qc5 Rd8 36.Kh2 Be5+ 0-1

[Event "Tarbes"]
[Site "?"]
[Date "2003.??.??"]
[Round "3"]
[White "Tanguy, Fabien"]
[Black "Jossien, Remy"]
[Result "0-1"]
[WhiteElo "2083"]
[BlackElo "2181"]
[PlyCount "62"]

1.c4 e6 2.Nc3 b6 3.Nf3 Bb7 4.e4 Bb4 5.d3 Ne7 6.Be2 O-O 7.O-O f5 8.exf5 
Nxf5 9.Bg5 Be7 10.Bxe7 Qxe7 11.Nb5 d6 12.Nbd4 Nxd4 13.Nxd4 Qf6 14.Nb5 Qg6 
15.Bg4 h5 16.Bh3 Rf7 17.Re1 e5 18.Re3 Nc6 19.Rg3 Qh6 20.Qc1 Qxc1+ 21.Rxc1 
a6 22.Nc3 Nd4 23.Rg5 Raf8 24.Rf1 Rf3 25.Rg3 R3f4 26.Rg5 Rh4 27.Nd5 Bxd5 
28.cxd5 Rxh3 29.f4 Rxd3 30.f5 Rf6 31.Rxh5 Rd2 0-1

[Event "Tarbes"]
[Site "?"]
[Date "2003.??.??"]
[Round "1"]
[White "Smyrek, Ingo"]
[Black "Alik, Michel"]
[Result "0-1"]
[WhiteElo "2020"]
[BlackElo "1710"]
[PlyCount "84"]

1.d4 b6 2.e4 Bb7 3.Bd3 Nc6 4.c3 e6 5.Nf3 Nf6 6.Bg5 Be7 7.Nbd2 Ng8 8.h4 
Bxg5 9.hxg5 Nge7 10.Qc2 d6 11.O-O-O Qd7 12.Kb1 Ng6 13.e5 Nce7 14.Rh2 dxe5 
15.dxe5 O-O-O 16.Nc4 Be4 17.Nd6+ cxd6 18.Bxe4 d5 19.c4 Qc6 20.cxd5 Qxc2+ 
21.Bxc2 Rxd5 22.Rxd5 Nxd5 23.Bxg6 fxg6 24.Nd4 Kd7 25.g3 h5 26.gxh6 gxh6 
27.f4 h5 28.Kc2 Rc8+ 29.Kd2 Rc4 30.Kd3 Rc1 31.Rc2 Nb4+ 32.Kd2 Nxc2 33.Nxc2
Rg1 34.Ke3 Rxg3+ 35.Kf2 h4 36.Nd4 Rg4 37.Kf3 Rg1 38.Kf2 Rb1 39.b3 Rb2+ 40.
Kg1 Rxa2 41.Nf3 h3 42.Nh4 a5 0-1

[Event "Tarbes"]
[Site "?"]
[Date "2003.??.??"]
[Round "2"]
[White "Brunel, Julien"]
[Black "Brauckmann, Hartwich"]
[Result "1-0"]
[WhiteElo "1910"]
[BlackElo "1720"]
[PlyCount "111"]

1.e4 e5 2.Nf3 Nc6 3.d4 Nxd4 4.Nxd4 exd4 5.Qxd4 Ne7 6.Bg5 h6 7.Bh4 Nc6 8.
Bxd8 Nxd4 9.Bxc7 Nxc2+ 10.Kd2 Nxa1 11.Bc4 Bb4+ 12.Nc3 b6 13.Bd5 O-O 14.
Bxa8 d6 15.Bd5 Be6 16.Rxa1 Rc8 17.Bxd6 Bxd6 18.Bxe6 fxe6 19.Rd1 Kf7 20.Ke2
Ke7 21.g3 a6 22.f4 Bb4 23.Rd3 b5 24.a3 Ba5 25.b4 Bb6 26.e5 g5 27.f5 Bd4 
28.Nd5+ exd5 29.Rxd4 Rc3 30.Rd3 Rc2+ 31.Ke3 Rxh2 32.Kd4 Rf2 33.Kxd5 Rxf5 
34.Ke4 Rf1 35.Kd5 Re1 36.Rc3 Rd1+ 37.Ke4 Re1+ 38.Kf5 Rf1+ 39.Kg6 Ke6 40.
Kxh6 Kxe5 41.Kxg5 Kd6 42.g4 Ra1 43.Kg6 Rg1 44.g5 Rg2 45.Rf3 Ke7 46.Rf6 a5 
47.Rf5 axb4 48.axb4 Rb2 49.Rxb5 Rb1 50.Rb7+ Kd6 51.Kg7 Kc6 52.Rf7 Rxb4 53.
g6 Kd6 54.Kh8 Rh4+ 55.Rh7 Ra4 56.g7 1-0

[Event "Minimes filles 2003"]
[Site "?"]
[Date "2003.??.??"]
[Round "?"]
[White "Nicq-Beothy Ambre"]
[Black "Burgaud Sarah"]
[Result "*"]
[WhiteElo "1440"]
[BlackElo "1500"]
[EventDate "2003.05.06"]
[Annotator "Bedos,Michko"]
[PlyCount "75"]
[SourceDate "2003.05.12"]

1.e4 e5 2.Nf3 Nc6 3.Bc4 Bc5 4.d3 Nf6 5.h3 $6 {Trop passif.} 5...d5 6.Bb5 
    ( 6.exd5 )
6...Qd6 
    ( 6...dxe4 $1 7.Nxe5 Qd4 $1 )
7.exd5 Nxd5 8.Bxc6+ bxc6 9.O-O O-O 10.Re1 f6 11.Nbd2 Bb6 12.Ne4 
    ( 12.Nc4 )
12...Qd7 13.c3 c5 14.c4 $2 {un coup impulsif catastrophique 
positionnellement.} 
    ( 14.Bd2 Rb8 15.Qe2 {avec equilibre.} )
14...Nb4 15.Re3 Rd8 16.Ne1 Bb7 17.a3 Bxe4 $1 18.axb4 Qf5 
    ( 18...Bb7 {laisse les Blancs dans... l'embarras.} )
19.dxe4 Rxd1 20.exf5 cxb4 21.Re2 a5 22.b3 
    ( 22.Kf1 {eut consolide l'avantage materiel.} )
22...Bd4 23.Rb1 a4 24.bxa4 Rxa4 25.Kh2 b3 26.Nf3 Rxc4 27.Nxd4 exd4 $4 {
Diagramme #} 
    ( 27...Rcxd4 {et les Blancs n'etaient pas tires d'affaire.} )
28.Ba3 $3 {Un joli coup tactique qui rattrappe une partie strategiquement 
mediocre... Bravo, Ambre!} 28...g6 
    ( 28...Rxb1 29.Re8+ Kf7 30.Rf8# )
29.Rxd1 gxf5 30.Rb2 c5 31.Rxb3 h5 32.Rbd3 Kf7 33.Bxc5 Rxc5 34.Rxd4 Rc2 35.
f3 Kg6 36.R1d2 Rc3 37.Rd8 Rc4 38.R2d6 *

[Event "Tarbes"]
[Site "?"]
[Date "2003.??.??"]
[Round "2"]
[White "De Laubadere, Philippe"]
[Black "Daloz, Jean michel"]
[Result "1/2-1/2"]
[WhiteElo "1960"]
[BlackElo "2183"]
[PlyCount "65"]

1.d4 Nf6 2.c4 e6 3.g3 Bb4+ 4.Bd2 c5 5.Bxb4 cxb4 6.Bg2 O-O 7.e4 d6 8.Ne2 e5
9.O-O Qb6 10.d5 Na6 11.Nc1 Nc5 12.Nd2 a5 13.h3 Bd7 14.Qe2 Qa6 15.Nd3 Rac8 
16.Rfc1 Rc7 17.Bf1 Rfc8 18.Nxc5 Rxc5 19.Qe3 a4 20.b3 a3 21.Kh2 Qa5 22.f4 
Re8 23.Bd3 exf4 24.gxf4 Qd8 25.Qd4 Qe7 26.Rg1 g6 27.Rae1 Nh5 28.Qf2 Qf6 
29.Rgf1 Qc3 30.Re3 Qb2 31.Bb1 f6 32.Re2 b5 33.Nf3 1/2-1/2

[Event "Benjamins 2003"]
[Site "?"]
[Date "2003.??.??"]
[Round "?"]
[White "Brethes, Francois"]
[Black "Valles M."]
[Result "1-0"]
[WhiteElo "2074"]
[BlackElo "1740"]
[EventDate "2003.05.06"]
[PlyCount "89"]
[SourceDate "2003.05.06"]

1.d4 d5 2.e3 {le celebre "coup de Brethes" ( voir les commentaires de 
Aspet 2003).} 2...Nf6 3.Bd3 e6 4.Nf3 
    ( 4.f4 $5 {pourrait amener une Hollandaise "stonewall" avec les 
    couleurs inversees, mais ce n'est pas du Brethes!} )
4...Bd7 5.O-O c5 6.b3 Nc6 7.Bb2 cxd4 8.exd4 Bd6 
    ( 8...Nb4 9.Be2 Rc8 10.c3 Nc6 {eut un peu embouteille les Blancs.} )
9.Nbd2 O-O 10.a3 Re8 11.Ne5 Qc7 12.Qe2 Re7 13.c4 Ne8 14.c5 {force 
l'echange du fou de cases noires et, en principe, donne la case d4 aux 
Blancs.} 14...Bxe5 15.dxe5 a5 16.Nf3 
    ( 16.Qg4 $5 {et si} 16...Nxe5 17.Bxh7+ Kxh7 
        ( 17...Kf8 18.Qh4 f6 19.Bxe5 Qxe5 20.Bg6 $18 )
    18.Qh4+ Kg8 19.Qxe7 $16 )
16...f5 17.Ng5 h6 18.Nf3 {une manoeuvre curieuse...} 18...g5 $1 {les Noirs
saisissent leur chance de recuperer un peu d'espace.} 19.Nd2 Ng7 20.Kh1 
Rf8 21.Rae1 Be8 22.Nb1 {en route pour b5?} 22...Nh5 23.Bc2 Nf4 24.Qd2 Na7 
25.g3 Ng6 26.b4 axb4 27.axb4 Bb5 28.Bd3 Qc6 
    ( 28...Bxd3 {est plus simple.} 29.Qxd3 Nc6 {et les Noirs prennent 
    l'initiative.} )
29.Kg1 Rg7 30.Na3 $1 {la lutte pour la case b5 et le developpement de la 
majorite blanche sur l'aile dame sont a l'ordre du jour!} 30...f4 31.Nxb5 
Nxb5 32.Bxg6 
    ( 32.Qe2 {serait souhaitable malgre} 32...f3 $1 33.Qc2 Ne7 34.Qa4 $1 
    Nc7 35.b5 {et les Blancs deroulent enfin!} )
32...Rxg6 33.Ra1 Rg7 34.Ra5 f3 35.Qd3 Qe8 $2 {les Noirs pensaient avoir 
monte une attaque decisive mais Francois a calcule un coup plus loin!} 36.
Qxb5 $1 Qh5 37.Re1 Qh3 38.Qf1 Qf5 39.Rea1 h5 40.Ra8 h4 41.Rxf8+ Qxf8 42.
Bd4 Rh7 43.Qd3 Qh6 44.Qxf3 hxg3 45.Ra8+ 1-0

[Event "Tarbes"]
[Site "?"]
[Date "2003.??.??"]
[Round "3"]
[White "Lacroix, Romain"]
[Black "Regnier, Thomas"]
[Result "1-0"]
[WhiteElo "1840"]
[BlackElo "2050"]
[PlyCount "107"]

1.e4 c5 2.Nf3 e6 3.d4 cxd4 4.Nxd4 a6 5.Nc3 Qc7 6.Be3 Nc6 7.Be2 Nf6 8.a3 b5
9.O-O Bb7 10.f4 Bc5 11.e5 Qb6 12.exf6 Nxd4 13.fxg7 {=} 13...Nxe2+ 14.Kh1 
Rg8 15.Bxc5 Qxc5 16.Qxe2 Rxg7 17.Rf2 O-O-O 18.Nd1 Rdg8 19.Ne3 d5 20.c3 d4 
21.cxd4 Qxd4 22.Rc1+ Kb8 23.Rd1 Qe4 24.Rd2 h5 25.Qd3 Qxd3 26.Rxd3 Rc8 27.
Rdd2 Rc1+ 28.Rd1 Rc7 29.Kg1 h4 30.Rd8+ Rc8 31.Rxc8+ Kxc8 32.f5 e5 33.f6 
Rg5 34.Nf5 Kd7 35.Nxh4 e4 36.Nf5 Ke6 37.Ne3 Rg6 38.g3 Rxf6 39.Rxf6+ Kxf6 
40.Kf2 Ke5 41.Nc2 Kd5 42.Ke3 Ke5 43.Nd4 f5 44.h4 Bd5 45.Ne2 Bf7 46.Nd4 Bh5
47.Nc2 Be8 48.Nd4 Bd7 49.Nc2 a5 50.Nd4 Kd5 51.b3 Ke5 52.Nc2 Be6 53.Nd4 Bd7
54.Nc2 1-0

[Event "Tarbes"]
[Site "?"]
[Date "2003.??.??"]
[Round "3"]
[White "Fejzovski, Ekrem"]
[Black "Lazarev, Vladimir"]
[Result "0-1"]
[WhiteElo "2174"]
[BlackElo "2517"]
[PlyCount "90"]

1.d4 Nf6 2.Nf3 c5 3.c4 cxd4 4.Nxd4 e5 5.Nb5 d5 6.cxd5 Bc5 7.e3 O-O 8.N5c3 
e4 9.Be2 Qe7 10.g4 h6 11.h4 Na6 12.g5 hxg5 13.hxg5 Nh7 14.Rxh7 Kxh7 15.
Nxe4 Bb4+ 16.Nbc3 Bf5 17.Ng3 Bg6 18.f4 f5 19.Kf2 Rac8 20.Bd2 Rfe8 21.Bh5 
Qf7 22.Qf3 Nc5 23.Rh1 Kg8 24.Kg2 Rcd8 25.a3 Bxh5 26.Rxh5 Bxc3 27.Bxc3 Qxd5
28.Qxd5+ Rxd5 29.g6 Re6 30.Rg5 Ne4 31.Nxe4 Rxe4 32.Kf3 Rd3 33.Rxf5 Rexe3+ 
34.Kf2 Rf3+ 35.Ke2 Rde3+ 36.Kd2 Re6 37.Rf7 Rxg6 38.Rxb7 Rg2+ 39.Ke1 Rxf4 
40.Rxa7 g5 41.Rg7+ Kf8 42.Rh7 g4 43.Rh8+ Kf7 44.Rb8 g3 45.Be5 Re4+ 0-1

[Event "Tarbes"]
[Site "?"]
[Date "2003.??.??"]
[Round "3"]
[White "Smyrek, Ingo"]
[Black "Cruz, Manuel"]
[Result "1-0"]
[WhiteElo "2020"]
[BlackElo "1760"]
[PlyCount "63"]

1.d4 d6 2.c4 Nf6 3.Nc3 g6 4.g3 Bg7 5.Bg2 c6 6.Nf3 O-O 7.O-O Nbd7 8.e3 Rb8 
9.a4 b6 10.b3 Ba6 11.Re1 e6 12.Bb2 d5 13.Nd2 Rc8 14.Rc1 Bb7 15.Qc2 a6 16.
Qb1 Re8 17.Red1 e5 18.dxe5 Nxe5 19.cxd5 cxd5 20.Ne2 Rxc1 21.Rxc1 Qa8 22.
Bd4 Ned7 23.Qb2 Nh5 24.b4 Rc8 25.Rxc8+ Qxc8 26.Bh3 Bxd4 27.Qxd4 b5 28.axb5
axb5 29.Nc3 Qc6 30.Nb3 Ne5 31.Bg2 Qc4 32.Na5 1-0

[Event "Tarbes"]
[Site "?"]
[Date "2003.??.??"]
[Round "3"]
[White "Join, Etienne"]
[Black "Jonathan, Frederic"]
[Result "1-0"]
[WhiteElo "1480"]
[BlackElo "1899"]
[PlyCount "76"]

1.e4 Nf6 2.e5 Nd5 3.c4 Nb6 4.c5 Nd5 5.Bc4 e6 6.Bxd5 exd5 7.Nc3 d4 8.Ne4 
Qh4 9.d3 h6 10.g3 Qd8 11.Nf3 b6 12.cxb6 axb6 13.Nxd4 Bb7 14.Qg4 Ra4 15.Nf5
Bb4+ 16.Bd2 g6 17.Bxb4 Rxb4 18.Nfd6+ cxd6 19.Nxd6+ Kf8 20.Nxb7 Rxg4 21.
Nxd8 Rd4 {=} 22.Kd2 d6 23.Rac1 dxe5 24.Rc8 Kg7 25.Rxb8 Rdxd8 26.Rxd8 Rxd8 
27.Ke3 Rd6 28.Rc1 Kf6 29.b4 Ke6 30.b5 Kd7 31.a4 h5 32.Rc3 f6 33.Ke4 Rd4+ 
34.Ke3 Rd6 35.Rc4 f5 36.d4 e4 37.f3 exf3 38.Kxf3 Ke6 1-0

[Event "Tarbes"]
[Site "?"]
[Date "2003.??.??"]
[Round "3"]
[White "Bodlet, Frederic"]
[Black "Alik, Michel"]
[Result "1-0"]
[WhiteElo "1950"]
[BlackElo "1710"]
[PlyCount "54"]

1.e4 b6 2.d4 Bb7 3.Nc3 e6 4.Nf3 Nf6 5.Bd3 Bb4 6.Qe2 d6 7.O-O Bxc3 8.bxc3 
Nbd7 9.a4 O-O 10.a5 a6 11.Bf4 b5 12.e5 Nd5 13.Bg5 Qc8 14.Qe4 f5 15.exf6 
N7xf6 16.Qh4 Qd7 17.Rfe1 Rae8 18.Bxf6 Nxf6 19.Re3 h6 20.Bg6 Re7 21.Rae1 
Nd5 22.Re4 Nxc3 23.Rg4 Bxf3 24.gxf3 Rxf3 25.Bd3 Rf6 26.Qxf6 Nd5 27.Qxh6 
Nf6 1-0

[Event "2e Open Condom "]
[Site "?"]
[Date "2003.??.??"]
[Round "2"]
[White "Garrel, Alain"]
[Black "Stamenoff, Ivan"]
[Result "1/2-1/2"]
[WhiteElo "2162"]
[BlackElo "1930"]
[EventDate "2003.??.??"]
[PlyCount "46"]

1.d4 d5 2.Nf3 Nf6 3.c4 c6 4.cxd5 cxd5 5.Nc3 Nc6 6.Bf4 Bf5 7.e3 e6 8.Bb5 
Nd7 9.Qa4 Qb6 10.Nh4 Bg6 11.Nxg6 hxg6 12.O-O Be7 13.Rac1 O-O 14.Rc2 Rac8 
15.Rfc1 a6 16.Be2 Qb4 17.Qxb4 Nxb4 18.Nxd5 Rxc2 19.Nxe7+ Kh8 20.Rxc2 Nxc2 
21.Bd6 Rd8 22.Bc7 Re8 23.Bd6 Rd8 1/2-1/2

[Event "Tarbes"]
[Site "?"]
[Date "2003.??.??"]
[Round "3"]
[White "Darrigues, Alain"]
[Black "Moulie, Patrick"]
[Result "1-0"]
[WhiteElo "2069"]
[BlackElo "1780"]
[PlyCount "91"]

1.d4 Nf6 2.c4 g6 3.Nc3 d6 4.e4 Bg7 5.Be2 O-O 6.f4 Nbd7 7.Nf3 c5 8.O-O cxd4
9.Nxd4 Nc5 10.Bf3 Qb6 11.Kh1 e5 12.Nc2 Rd8 13.b4 Ne6 14.Be3 Qc7 15.f5 Nf4 
16.fxg6 hxg6 17.Be2 Nxe2 18.Qxe2 Bg4 19.Qd3 Be6 20.Nd5 Bxd5 21.cxd5 Qd7 
22.Bg5 Nh7 23.Bxd8 Rxd8 24.Ne3 Rf8 25.Rac1 Bh6 26.Rc3 Qe7 27.Ng4 Bg5 28.
Qc2 f5 29.exf5 gxf5 30.Rxf5 e4 31.Rc8 Rxc8 32.Qxc8+ Kg7 33.Qe6 Qxe6 34.
dxe6 Kg6 35.Rf7 e3 36.Kg1 Nf6 37.Nxf6 Bxf6 38.Kf1 d5 39.Rxb7 d4 40.Ke2 Be5
41.g3 Kf6 42.e7 Kf7 43.Rxa7 Bd6 44.b5 Bxe7 45.b6 Ke8 46.Rxe7+ 1-0

[Event "Tarbes"]
[Site "?"]
[Date "2003.??.??"]
[Round "3"]
[White "Razafison, Ulrich"]
[Black "Natale, Bruno"]
[Result "0-1"]
[WhiteElo "1920"]
[BlackElo "1790"]
[PlyCount "72"]

1.d4 Nf6 2.c4 g6 3.Nc3 d5 4.cxd5 Nxd5 5.e4 Nxc3 6.bxc3 Bg7 7.Bc4 c5 8.Ne2 
Nc6 9.Be3 O-O 10.O-O Bg4 11.f3 Na5 12.Bxf7+ Rxf7 13.fxg4 Rxf1+ 14.Kxf1 Qd6
15.e5 Qc7 16.Rc1 Nc4 17.Qb3 b5 18.Kg1 Kh8 19.Bf4 Qc6 20.a4 a6 21.Ra1 Rf8 
22.axb5 axb5 23.Qc2 cxd4 24.cxd4 Nxe5 25.Qxc6 Nxc6 26.Rd1 b4 27.d5 Ne5 28.
Rb1 Nd3 29.Bg3 Rd8 30.Nf4 Nxf4 31.Bxf4 Bc3 32.Rd1 b3 33.Bg5 Rd7 34.Be3 b2 
35.Kf1 Rxd5 36.Rb1 Ra5 0-1

[Event "Tarbes"]
[Site "?"]
[Date "2003.??.??"]
[Round "3"]
[White "Garrel, Alain"]
[Black "Lucas, Julien"]
[Result "0-1"]
[WhiteElo "2153"]
[BlackElo "1910"]
[PlyCount "79"]

1.d4 Nf6 2.Nf3 g6 3.c4 Bg7 4.g3 O-O 5.Bg2 d6 6.O-O Nc6 7.Nc3 Bf5 8.Nh4 Bd7
9.b3 e5 10.e3 Qc8 11.d5 Ne7 12.Bb2 Ne8 13.Rc1 Bh3 14.c5 Bxg2 15.cxd6 Nxd6 
16.Kxg2 f5 17.Nf3 f4 18.e4 Bh6 19.Nxe5 fxg3 20.hxg3 Bxc1 21.Qxc1 Nf7 22.
Nb5 Nxe5 23.Bxe5 Qg4 24.f3 Qd7 25.Nd4 Nxd5 26.exd5 Qxd5 27.Qc4 Rad8 28.
Qxd5+ Rxd5 29.f4 Re8 30.Nf3 c6 31.Rf2 h6 32.Nd2 Red8 33.Ne4 Kf7 34.Kf3 
Rd3+ 35.Ke2 R3d5 36.Rh2 Ke6 37.Rxh6 Rxe5 38.fxe5 Kxe5 39.Rh4 Rd7 40.Nc3 {
suite illisible} 0-1

[Event "Tarbes"]
[Site "?"]
[Date "2003.??.??"]
[Round "3"]
[White "Chauve, Jean-Christophe"]
[Black "Soubielle, Baptiste"]
[Result "1-0"]
[WhiteElo "1880"]
[BlackElo "1540"]
[PlyCount "57"]

1.e4 e5 2.Nf3 Nc6 3.d4 exd4 4.Bc4 Be7 5.c3 d3 6.Qxd3 d6 7.Bf4 Be6 8.Bb5 
Bd7 9.Nbd2 a6 10.Ba4 b5 11.Bb3 Be6 12.Bxe6 fxe6 13.c4 Nb4 14.Qc3 e5 15.Be3
c5 16.O-O Nf6 17.Rfd1 Ng4 18.Nf1 Nc6 19.Bxc5 Qc7 20.cxb5 axb5 21.Bb4 Qb6 
22.Rd2 Nxb4 23.Qxb4 Ra4 24.Qc3 O-O 25.Ng3 Kh8 26.b3 Ra7 27.Rc1 h6 28.Qc6 
Qa5 29.Nf5 1-0

[Event "Tarbes"]
[Site "?"]
[Date "2003.??.??"]
[Round "3"]
[White "Rundstrom, Douglas"]
[Black "Lassabe, Nicolas"]
[Result "1-0"]
[WhiteElo "2030"]
[BlackElo "1820"]
[PlyCount "57"]

1.d4 Nf6 2.c4 g6 3.Nc3 Bg7 4.e4 O-O 5.Nf3 d6 6.Be2 e5 7.O-O Nc6 8.d5 Ne7 
9.Ne1 Nd7 10.f3 f5 11.g4 f4 12.Nd3 Kh8 13.Bd2 Bf6 14.Be1 h5 15.Bf2 hxg4 
16.fxg4 Ng8 17.Qe1 Rf7 18.b4 Qf8 19.Kg2 Qh6 20.Rh1 f3+ 21.Bxf3 Bg5 22.Nd1 
Nb6 23.Ne3 Nxc4 24.Nxc4 Rxf3 25.h4 Bxg4 26.hxg5 Bh3+ 27.Kxf3 Qh5+ 28.Ke3 
Kg7 29.Qg1 1-0

[Event "Tarbes"]
[Site "?"]
[Date "2003.??.??"]
[Round "1"]
[White "Dufeal, Julien"]
[Black "Lalondrelle, Pierre"]
[Result "1-0"]
[WhiteElo "2141"]
[BlackElo "1840"]
[PlyCount "65"]

1.d4 Nf6 2.c4 e6 3.Nc3 c5 4.e3 a6 5.Nf3 Qc7 6.Be2 g6 7.O-O Bg7 8.dxc5 Qxc5
9.e4 O-O 10.h3 Nc6 11.Be3 Qa5 12.a3 Ne5 13.Nxe5 Qxe5 14.f4 Qc7 15.e5 Ne8 
16.Qb3 d6 17.Bb6 Qe7 18.Ne4 f5 19.Nxd6 Nxd6 20.Bc5 Re8 21.Bxd6 Qh4 22.g3 
Qxh3 23.Rf2 Bd7 24.Rh2 Qxh2+ 25.Kxh2 Bc6 26.Bf3 h5 27.Bxc6 bxc6 28.Rd1 Ra7
29.Qb6 Raa8 30.Qxc6 Rec8 31.Bc7 Re8 32.Rd7 Bf8 33.Qb7 1-0

[Event "Tarbes"]
[Site "?"]
[Date "2003.??.??"]
[Round "2"]
[White "Serres, Olivier"]
[Black "Chauve, Jean-Christophe"]
[Result "0-1"]
[WhiteElo "1420"]
[BlackElo "1880"]
[PlyCount "91"]

1.d4 d5 2.c4 c6 3.Nc3 Nf6 4.Bf4 a6 5.a4 e6 6.e3 Bb4 7.Qb3 a5 8.cxd5 Nxd5 
9.Bg3 Qb6 10.Qc2 Nd7 11.Bd3 h6 12.Ne2 O-O 13.O-O Be7 14.e4 Nb4 15.Qd2 Nxd3
16.Qxd3 Rd8 17.Qc2 Nf6 18.Rfd1 Nh5 19.d5 Nxg3 20.Nxg3 exd5 21.exd5 Bg4 22.
Rd2 Bg5 23.Rd3 cxd5 24.Rxd5 Rxd5 25.Nxd5 Qd6 26.Ne3 Bxe3 27.fxe3 Rc8 28.
Qf2 Qg6 29.e4 Qc6 30.Rf1 Qc5 31.Nf5 Qxf2+ 32.Rxf2 Rc1+ 33.Rf1 Rc4 34.Nd6 
Rxa4 35.Nxb7 Be2 36.Re1 Bc4 37.e5 Ra2 38.Rc1 Bd5 39.Rc7 Ra1+ 40.Kf2 Ra2 
41.Kg3 Rxb2 42.Nxa5 Rxg2+ 43.Kh3 Rd2 44.Rc5 Rd3+ 45.Kg4 Be6+ 46.Kf4 0-1